Вып. 6; Петербургское Востоковедение

Podrobná bibliografie
Parent link:Петербургское Востоковедение: альманах/ Под ред. И. Алимова. Вып. 6.— , 1994-
Jazyk:ruština
Vydáno: 1994
Témata:
Médium: MixedMaterials Kniha
KOHA link:https://koha.lib.tpu.ru/cgi-bin/koha/opac-detail.pl?biblionumber=73470

MARC

LEADER 00000nam2a2200000 4500
001 73470
005 20231031084405.0
010 |a 5858030394 
035 |a (RuTPU)RU\TPU\book\78397 
090 |a 73470 
100 |a 20050216d1994 m y0rusy50 ca 
101 0 |a rus 
102 |a RU 
105 |a y z 000zy 
200 0 |a Вып. 6 
210 |d 1994 
215 |a 700 с. 
461 1 |0 (RuTPU)RU\TPU\book\78396  |t Петербургское Востоковедение  |o альманах  |f Под ред. И. Алимова  |v Вып. 6  |d 1994- 
610 1 |a история 
610 1 |a востоковедение 
610 1 |a Восток 
610 1 |a памятники 
610 1 |a источниковедение 
610 1 |a письменность 
610 1 |a культура 
686 |a Т3(5)я2  |v LBC/SL-A  |2 rubbk 
801 1 |a RU  |b 63413507  |c 20050216  |g PSBO 
801 2 |a RU  |b 63413507  |c 20061201  |g PSBO 
942 |c BK